Statistics for 社会主義核心価値観

Click here to take the quiz!

General Stats

  • This quiz has been taken 20 times
  • The average score is 7 of 12

Answer Stats

Answer% Correct
民主
88%
自由
75%
愛国
75%
平等
69%
公正
69%
和諧
63%
富強
56%
文明
56%
敬業
50%
誠信
50%
友善
50%
法治
44%

Score Distribution

Percentile by Number Answered

Percent of People with Each Score

Your Score History

You have not taken this quiz